000 00967nam a22001937a 4500
999 _c60389
_d60389
003 Ge_BSU
005 20230710114301.0
008 230710s1978ge xxu||||| |||| 00| 0 geo d
041 _ageo
080 _a821.14'01-13 ჰ-78
100 _aჰომეროსი, ავტ.
_915985
245 _aგვიამბობს მოხუცი ჰომეროსი /
_cჰომეროსი, თარგმნა რ. მიმინოშვილმა ; წინასიტყვ. ავტ. ვ. ასათიანი
264 _aთბილისი :
_bნაკადული,
_c 1978.
300 _a223 გვ. ;
_c20 სმ.
653 _aგვიამბობს მოხუცი ჰომეროსი
700 _a მიმინოშვილი, რ
_eმთარგმნელი
_919216
700 _aასათიანი, ვ
_eწინასიტყვაობის ავტორი
_919217
942 _2udc
_cBK